Human resources management

Na minha lista:
Detalhes bibliográficos
Autor principal: Vetráková, Milota
Autor Corporativo: Univerzita Mateja Bela v Banskej Bystrici. Ekonomická fakulta
Outros Autores: Bočincová, Gabriela
Formato: Livro
Idioma:inglês
eslovaco
Publicado em: Banská Bystrica Matej Bel University 2013
Colecção:Eruditio Mores Futurum
Assuntos:
Tags: Adicionar Tag
Sem tags, seja o primeiro a adicionar uma tag!

MARC

LEADER 00000nam a2200000 4500
001 0194752
005 20240314085748.6
020 |a 978-80-557-0489-0 
041 0 |a eng 
041 0 |a slo 
044 |a SK 
245 1 0 |a Human resources management  |c Milota Vetráková, Gabriela Bočincová 
264 1 |a Banská Bystrica  |b Matej Bel University  |c 2013 
300 |a 227 s. 
490 1 |a Eruditio Mores Futurum 
830 0 |a Eruditio Mores Futurum 
610 2 0 |a riadenie ľudských zdrojov 
610 2 0 |a kapitál ľudský 
610 2 0 |a práca personálna 
610 2 0 |a stratégia podniková 
610 2 0 |a plánovanie 
610 2 0 |a politika personálna 
610 2 0 |a metódy plánovania 
610 2 0 |a nábor pracovníkov 
610 2 0 |a outsourcing 
610 2 0 |a zamestnanci 
610 2 0 |a vzdelávanie 
610 2 0 |a motivácia pracovná 
610 2 0 |a hodnotenie pracovníkov 
610 2 0 |a odmeňovanie 
610 2 0 |a kontroling 
610 2 0 |a blahobyt 
610 2 0 |a programy sociálne 
100 1 |a Vetráková, Milota 
700 1 |a Bočincová, Gabriela 
710 2 |a Univerzita Mateja Bela v Banskej Bystrici. Ekonomická fakulta